| 000 | 00795cam a22002651 4500 | ||
|---|---|---|---|
| 001 | 30836 | ||
| 003 | BD-RjUL | ||
| 005 | 20211209051625.0 | ||
| 008 | 140412r19681962enka b 001 0 eng | ||
| 035 | _a(BD-RjUL)30923 | ||
| 035 | _a(OCoLC)373178 | ||
| 040 |
_aDLC _cODaWU _dOCoLC _dUk _dDLC _dBD-RjUL _beng |
||
| 041 | _aeng | ||
| 082 |
_a160.9 _bKND 1968 |
||
| 100 | 1 |
_aKneale, W. C. _q(William Calvert) _95088 |
|
| 245 | 1 | 4 |
_aThe development of logic / _cby William Kneale and Martha Kneale. |
| 260 |
_aOxford : _bClarendon Press, _c1962 ]Reprint 1968]. |
||
| 300 |
_avi, 761 p. : _billus. ; _c22 cm. |
||
| 504 | _aIncludes bibliography & Index. | ||
| 650 | 0 |
_aLogic _xHistory. _993657 |
|
| 700 | 1 |
_aKneale, Martha. _95090 |
|
| 942 |
_2ddc _cBK |
||
| 999 |
_c30836 _d30836 |
||